000 00537nam a2200217Ia 4500
003 OSt
005 20220928141601.0
006 a|||||r|||| 00| 0
007 ta
008 220927b |||||||| |||| 00| 0 eng d
024 _a16163
037 _cTextual
040 _aSDCL
_cSDCL
_beng
041 _2eng
_aeng
082 _aWxL48, L3
100 _aParekh Bhikhu Ed.
_9501057
245 0 _aBentham's political thought
260 _c1973
942 _hWxL48, L3
_cTEXL
_2CC
999 _c818517
_d818517